| 000 | 00690nam a2200205 a 4500 | ||
|---|---|---|---|
| 003 | OSt | ||
| 005 | 20150224181840.0 | ||
| 008 | 150130s2014 spco||| b||| 000 0 cat|d | ||
| 020 | _a9788415232711 | ||
| 040 |
_bcat _cCDMR |
||
| 245 | 0 | 0 |
_aPapitu _b: sàtira, erotisme i provocació : 1908-1937 _cJaume Capdevila, coordinador ; Josep Maria Cadena, pròleg ; Jordi Clapés ... [et al.] |
| 260 |
_aEl Papiol _bEfadós _c2014 |
||
| 300 |
_a215 p. _bil. col. _c27 cm |
||
| 500 | _aBibliografia | ||
| 630 | 0 | 7 |
_aPapitu (Revista) _2lemac |
| 650 | 7 |
_aHumorisme gràfic _xRevistes _2lemac _93084 |
|
| 700 | 0 |
_aKap _eed. _91346 |
|
| 700 | 1 |
_aCadena, Josep M. _q(Josep Maria) _d1935- _92992 |
|
| 942 | _cMON | ||
| 999 |
_c6781 _d6781 |
||